00524nam a2200181 a 45000010010000000030011000100080041000210350026000620820016000881000017001042450015001212600051001366500018001879420012002059520090002179980020003079990015003270000-9356ELIB.Books110520 1967  a(ELIB.Books)0000-9508 a226.5 bBai aBailey, Carl aWho Is He? bMinnesota: The American Lutheran Church c1967 aNew Testament 2ddccBK 00102ddc4070aKBTSbKBTSd2011-05-20l0p8972r2022-01-22 00:00:00w2022-01-22yBK cbate2011-05-20 c9356d9356